000 00597nam a22001937a 4500
999 _c140610
_d140610
005 20181126142024.0
010 _aENG-118470
020 _a9788182903692
_c479.00
035 _aEN-102002
037 _bDBAD/PUB
082 _a780.954
100 _aSatapathy,Manmath Kumar
245 _aFestivals & folk theatre of Odisha /
_cbyManmath Kumar Satapathy
260 _aGurgaon
_bShubhi Publications
_c2016
270 _a479 Sector-14
_bGurgaon
_e122001
300 _a230p. :
_c23cm(Hb)
_bill.
500 _aIncludes bibliographical references
942 _2ddc
_cEN
_mSAT
_h780.0954